| 000 | 00324nam a22001217a 4500 | ||
|---|---|---|---|
| 008 | 160425b xxu||||| |||| 00| 0 eng d | ||
| 020 | _a9780131736283 | ||
| 020 | _a0131736280 | ||
| 041 | _aeng | ||
| 080 | _a618.0 | ||
| 245 |
_aMaternal child nursing care: _cRuth C. Bindler; Jane W. Ball; Marcia W. London; |
||
| 942 |
_2udc _cBK |
||
| 999 |
_c1578 _d1578 |
||